| 000 | 00708nam a22002417a 4500 | ||
|---|---|---|---|
| 005 | 20260515114900.0 | ||
| 008 | 210222b ||||| |||| 00| 0 eng d | ||
| 020 | _a9789382976769 | ||
| 040 |
_aIN-DiNC _cIN-DiNC |
||
| 041 | _dasm | ||
| 082 |
_a370.92 _bMAH |
||
| 100 |
_aBaruah, Jahnabi Lahkar _eauthor |
||
| 245 |
_aMahan shikshabidsakal aru shaikshik chintadharasamuh / _cby Jahnabi Lahkar Baruah and others |
||
| 250 | _a1st ed. | ||
| 260 |
_aGolaghat: _bSaraswati prakashan, _c2020 |
||
| 300 | _a325p. | ||
| 650 | _aGreat educators | ||
| 650 | _aEducational thoughts | ||
| 700 |
_aDas, Leela _eauthor |
||
| 700 |
_aKalita, Utpal _eauthor |
||
| 700 |
_aBora, Swapnali _eauthor |
||
| 942 |
_2ddc _cBK |
||
| 999 |
_c11136 _d11136 |
||